MARC

LEADER 00000nam0a2200000 4500
001 294036
005 20231102000643.0
035 |a (RuTPU)RU\TPU\book\319086 
035 |a RU\TPU\book\318748 
090 |a 294036 
100 |a 20150508d1983 k y0rusy50 ca 
101 0 |a rus 
102 |a RU 
105 |a a z 001zy 
200 1 |a Химия и химическая технология силикатных материалов  |f Московский химико-технологический институт им. Д. И. Менделеева; под ред. Т. А. Ваграмяна 
210 |a Москва  |c Изд-во МХТИ  |d 1983 
215 |a 144 с.  |c ил. 
225 1 |a Труды Московского химико-технологического института им. Д. И. Менделеева  |h Вып. 128 
320 |a Библиография в конце статей 
606 1 |a Силикатные материалы  |x Физико-химические свойства  |2 stltpush  |3 (RuTPU)RU\TPU\subj\34476  |9 56412 
610 1 |a фотохромные стекла 
610 1 |a фотохимия 
610 1 |a химия 
610 1 |a отделочные материалы 
610 1 |a глушеные стекла 
610 1 |a катализированная кристаллизация 
610 1 |a кинетика 
610 1 |a цементный камень 
610 1 |a армирование 
610 1 |a щелочеустойчивые стекловолокна 
610 1 |a листовое стекло 
610 1 |a эксплуатационные свойства 
610 1 |a фотохромные стекла 
610 1 |a светочувствительные центры 
610 1 |a термическая обработка 
610 1 |a оптическая прозрачная поликристаллическая оксидная керамика 
610 1 |a микроструктура 
610 1 |a спекание 
610 1 |a формирование 
675 |a 666  |v 4 
702 1 |a Ваграмян  |b Т. А.  |4 340 
712 0 2 |a Московский химико-технологический институт им. Д. И. Менделеева  |2 stltpush  |3 (RuTPU)RU\TPU\col\1701  |9 23590 
801 1 |a RU  |b 63413507  |c 20061014  |g PSBO 
801 2 |a RU  |b 63413507  |c 20181207  |g PSBO 
942 |c BK